Iraq's compliance with United Nations Security Council resolutions : communication from the President of the United States transmitting a report on the status of efforts to obtain Iraq's compliance with the resolutions adopted by the United Nations Security Council, pursuant to 50 U.S.c. 1541.

Bibliographic Details
Corporate Authors: United States. President (2001-2009 : Bush), United States. Congress. House. Committee on International Relations
Other Authors: Bush, George W. (George Walker), 1946-
Format: Government Document Book
Language:English
Published: Washington : U.S. G.P.O., 2002.
Series:House document (United States. Congress. House) ; 107-175.
Subjects:
Online Access:Text version:
Adobe Acrobat Reader required

MARC

Tag First Indicator Second Indicator Subfields
LEADER 00000cam a2200000 a 4500
001 in00001664037
005 20220106093258.0
008 020225s2002 dcu f000 0 eng c
035 |a (OCoLC)ocm49348450 
040 |a GPO  |c GPO  |d DLC  |d MvI  |d UtOrBLW 
042 |a pcc 
043 |a a-iq--- 
049 |a UDOC  |a WWW 
074 |a 0996-A 
074 |a 0996-A (online) 
074 |a 0996-B (MF) 
074 |a 0996-B (online) 
086 0 |a Y 1.1/7:107-175 
110 1 |a United States.  |b President (2001-2009 : Bush) 
245 1 0 |a Iraq's compliance with United Nations Security Council resolutions :  |b communication from the President of the United States transmitting a report on the status of efforts to obtain Iraq's compliance with the resolutions adopted by the United Nations Security Council, pursuant to 50 U.S.c. 1541. 
264 1 |a Washington :  |b U.S. G.P.O.,  |c 2002. 
300 |a 9 pages ;  |c 24 cm. 
336 |a text  |b txt  |2 rdacontent 
337 |a unmediated  |b n  |2 rdamedia 
338 |a volume  |b nc  |2 rdacarrier 
490 1 |a House document / 107th Congress, 2d session ;  |v 107-175 
500 |a "Referred to the Committee on International Relations." 
500 |a Distributed to some depository libraries in microfiche. 
500 |a "January 24, 2002." 
500 |a Shipping list number: 2002-0114-P. 
500 |a Shipping List Date: 02/21/2002 
530 |a Also available via Internet from the GPO Access web site. Addresses as of 3/20/02: http://frwebgate.access.gpo.gov/cgi-bin/getdoc.cgi?dbname=107c̲ongd̲ocuments&docid=f:hd175.107 (text version), http://frwebgate.access.gpo.gov/cgi-bin/getdoc.cgi?dbname=107c̲ongd̲ocuments&docid=f:hd175.107.pdf (PDF version); current access is available via PURLs. 
651 0 |a Iraq  |x Military policy. 
610 2 0 |a United Nations.  |b Security Council  |v Resolutions. 
650 0 |a Economic sanctions  |z Iraq. 
700 1 |a Bush, George W.  |q (George Walker),  |d 1946- 
710 1 |a United States.  |b Congress.  |b House.  |b Committee on International Relations. 
830 0 |a House document (United States. Congress. House) ;  |v 107-175. 
856 4 1 |3 Text version:  |u https://purl.fdlp.gov/GPO/LPS18270  |t 0 
856 4 1 |3 PDF version:  |u https://purl.fdlp.gov/GPO/LPS18271  |z Adobe Acrobat Reader required  |t 0 
999 |a MARS 
999 f f |s f3a1ea7c-ad2c-3ba5-9ec8-b353e7f0da6d  |i e36fc31e-2d8a-3f21-8c10-bda268872a48  |t 0 
952 f f |a Texas A&M University  |b College Station  |c Electronic Resources  |d Available Online  |t 0  |e Y 1.1/7:107-175  |h Superintendent of Documents classification 
998 f f |a Y 1.1/7:107-175  |t 0  |l Available Online